Daňovo-právne vzťahy v Československu

Salvato in:
Dettagli Bibliografici
Autore principale: Girášek, Jordan
Natura: Libro
Lingua:slovacco
Pubblicazione: Bratislava Obzor 1981
Tags: Aggiungi Tag
Nessun Tag, puoi essere il primo ad aggiungerne!!

MARC

LEADER 00000nam a2200000 4500
001 c125391
005 20041019155234.9
041 0 |a slo 
044 |a SK 
245 1 0 |a Daňovo-právne vzťahy v Československu  |c Jordan Girášek 
264 1 |a Bratislava  |b Obzor  |c 1981 
300 |a 219 s. 
100 1 |a Girášek, Jordan